Basic marketing research : using Microsoft Excel data analysis

For undergraduate Marketing Research courses. Basic Marketing Research usesExcela add-in software for data analysis, an integrated case, and experiential learning exercises to present a concise introduction to fundamentals of market research, offering resources students can use in their future caree...

Full description

Bibliographic Details
Main Authors: Burns, Alvin C. (Author), Bush, Ronald F. (Author)
Format: Book
Language:English
Published: Boston, Massachusetts ; Upper Saddle River, New Jersey : Prentice Hall , c2012
Edition:3rd ed
Subjects:

MARC

LEADER 00000cam a2200000 7i4500
001 0000074821
005 20111215093000.0
008 110623s2012 mau eng
020 |a 0135078229 (paperback : alk. paper) 
020 |a 9780135078228 (paperback : alk. paper) 
050 0 0 |a HF5415.2   |b .B87 2012 
090 0 0 |a HF5415.2   |b .B87 2012 
100 1 |a Burns, Alvin C. ,   |e author 
245 1 0 |a Basic marketing research :   |b using Microsoft Excel data analysis   |c Alvin C. Burns, Ronald F. Bush 
250 |a 3rd ed 
260 |a Boston, Massachusetts ;   |a Upper Saddle River, New Jersey :   |b Prentice Hall ,   |c c2012 
300 |a xxii, 391 p. :   |b col. ill. ;   |c 26 cm. 
504 |a Includes bibliographical references and index 
505 0 |a 1. An introduction to marketing research -- 2. The marketing research industry -- 3. The marketing research process including defining the problem and research objectives -- 4. Research design alternatives and qualitative research -- 5. Information types & sources: secondary data & standardized information -- 6. Data collection methods -- 7. Measurement scales -- 8. Designing data collection forms -- 9. Determining sample size and the sample plan -- 10. Data issues and inputting data into XL data analyst -- 11. Summarizing your data -- 12. Generalizing your findings -- Finding differences -- 13. Determining relationships -- 14. Preparing & presenting your research report 
520 |a For undergraduate Marketing Research courses. Basic Marketing Research usesExcela add-in software for data analysis, an integrated case, and experiential learning exercises to present a concise introduction to fundamentals of market research, offering resources students can use in their future careers 
630 0 0 |a Microsoft Excel (Computer file) 
650 0 |a Marketing research 
700 1 |a Bush, Ronald F. ,   |e author 
999 |a 1000141896   |b Book   |c OPEN SHELF (30 DAYS)   |e Gong Badak Campus